Vainqueurs des jeux olympiques #3 : Volley-ball - Statistiques

Statistiques générales
  • Ce quiz a été pris 305 fois
  • Le résultat moyen est 7 sur 9
Statistiques - réponses
Pays % Correct
France
100%
États-Unis
92%
Brésil
91%
Pologne
82%
Russie
81%
Japon
74%
Union Soviétique
66%
Pays-Bas
40%
Yougoslavie
39%
Aucun quiz correspondant
Distribution des résultats
% des personnes avec chaque résultat
Percentile par nombre de réponses
Votre historique - résultats
Vous n’avez pas pris ce quiz